ARRUPE JESUIT UNIVERSITY

CORONAVIRUS -STOP THE SPREAD - CLEAN,DISINFECT,COVER

The scandal of truth. (Record no. 125784)

MARC details
000 -LEADER
fixed length control field 00745cam a22002651 4500
001 - CONTROL NUMBER
control field 7034284
003 - CONTROL NUMBER IDENTIFIER
control field ARRUPE
005 - DATE AND TIME OF LATEST TRANSACTION
control field 20161128152225.0
008 - FIXED-LENGTH DATA ELEMENTS--GENERAL INFORMATION
fixed length control field 741105s1962 mdu 000 0 eng
010 ## - LIBRARY OF CONGRESS CONTROL NUMBER
LC control number 62018774
035 ## - SYSTEM CONTROL NUMBER
System control number (OCoLC)1066692
040 ## - CATALOGING SOURCE
Original cataloging agency DLC
Transcribing agency MBtS
Modifying agency OCoLC
-- DLC
041 1# - LANGUAGE CODE
Language code of text/sound track or separate title eng
Language code of original and/or intermediate translations of text fre
042 ## - AUTHENTICATION CODE
Authentication code premarc
050 00 - LIBRARY OF CONGRESS CALL NUMBER
Classification number BR121.2
Item number .D313
082 ## - DEWEY DECIMAL CLASSIFICATION NUMBER
Classification number 261
300 ## - PHYSICAL DESCRIPTION
Dimensions 23 cm.
100 1# - MAIN ENTRY--PERSONAL NAME
Personal name Daniélou, Jean.
9 (RLIN) 7490
245 14 - TITLE STATEMENT
Title The scandal of truth.
Statement of responsibility, etc /Jean Danielou S.J.
260 ## - PUBLICATION, DISTRIBUTION, ETC. (IMPRINT)
Place of publication, distribution, etc Baltimore,
Name of publisher, distributor, etc Helicon Press
Date of publication, distribution, etc 1962
300 ## - PHYSICAL DESCRIPTION
Extent 154 p.
500 ## - GENERAL NOTE
General note Translation of Scandaleuse vérité.
650 #0 - SUBJECT ADDED ENTRY--TOPICAL TERM
Topical term or geographic name as entry element Christianity
Chronological subdivision 20th century.
9 (RLIN) 27627
906 ## - LOCAL DATA ELEMENT F, LDF (RLIN)
a 7
b cbc
c oclcrpl
d u
e ncip
f 19
g y-gencatlg
942 ## - ADDED ENTRY ELEMENTS (KOHA)
Source of classification or shelving scheme Library of Congress Classification
Koha item type Monograph ( Printed materials)
Holdings
Withdrawn status Lost status Source of classification or shelving scheme Damaged status Not for loan Collection code Home library Current library Shelving location Date acquired Total Checkouts Full call number Barcode Date last seen Price effective from Koha item type
    Library of Congress Classification     Main Collection ARRUPE LIBRARY ARRUPE LIBRARY Main Collection 28/11/2016   BR121.2 .D313 46003018384 28/11/2016 28/11/2016 Monograph ( Printed materials)

 

Arrupe Library. PO Box MP320 Mt Pleasant, Harare, Zimbabwe
263 242 745411|librarian@aju.ac.zw